Sueño y Realidad: La ontología poética de Calderón de la Barca
Збережено в:
| Автор: | |
|---|---|
| Формат: | Книга |
| Мова: | Spanish |
| Опубліковано: |
Hildesheim, Alemania
Georg Olms Verlag
1998
|
| Предмети: | |
| Теги: |
Додати тег
Немає тегів, Будьте першим, хто поставить тег для цього запису!
|
MARC
| LEADER | 00000nam a2200000Ia 4500 | ||
|---|---|---|---|
| 008 | 170320b ||||| |||| 00| 0 spa d | ||
| 999 | |c 30809 |d 30809 | ||
| 020 | |a 3-487-10702-3 | ||
| 040 | |a cru BVZT | ||
| 090 | |a 100 R-21.1s | ||
| 100 | |a Rivera de Rosales, Jacinto | ||
| 245 | |a Sueño y Realidad: La ontología poética de Calderón de la Barca |c Jacinto Rivera de Rosales | ||
| 260 | |a Hildesheim, Alemania | ||
| 260 | |b Georg Olms Verlag | ||
| 260 | |c 1998 | ||
| 300 | |a 188 páginas | ||
| 650 | |a FILOSOFÍA |9 5 | ||
| 650 | |a SUEÑO Y REALIDAD | ||
| 650 | |a ONTOLOGÍA POÉTICA DE CALDERÓN DE LA BARCA | ||
| 650 | |a LA APARIENCIA DE LOS SENSIBLE | ||
| 650 | |a LA REALIDAD | ||
| 650 | |a EL DESEO Y LA NADA DEL MUNDO | ||
| 650 | |a LIBRE ALBEDRÍO | ||
| 650 | |a LIBERTAD | ||
| 650 | |a EL TEÍSMO CRISTIANO | ||
| 650 | |a LA REALIDAD DE DIOS | ||
| 650 | |a LIBERTAD Y DIOS | ||
| 942 | |c 4 D |h 100 R-21.1s |2 z | ||



